Sobre símbolos

Saved in:
書目詳細資料
主要作者: Folch Verdugo, Francisco José (Author)
格式: 圖書
語言:西班牙语
出版: Santiago Universitaria 2000
叢編:El Saber y la Cultura
主題:
標簽: 添加標簽
沒有標簽, 成為第一個標記此記錄!

MARC

LEADER 00000nam a2200000 a 4500
001 UCM7723
003 CL-VaPUC
008 030110e20000000CL |||||||||||||||||spa|d
082 0 4 |a 302.2223  |b FOL  |2 21 
100 0 |a Folch Verdugo, Francisco José  |e author  |9 473356 
245 1 0 |a Sobre símbolos 
300 |a 224 p 
942 |c BK 
945 |d 20030110 00:00:00  |a cmena 
260 |a Santiago  |b Universitaria  |c 2000 
650 0 |a Simbología  |9 267342 
650 0 |a Psicología social   |9 222894 
650 0 |a Mitología   |9 255719 
583 |a last modification  |c 20030110 00:00:00  |k Rodrigo Vera 
490 0 |a El Saber y la Cultura 
999 |c 302406  |d 302404 
952 |0 0  |1 0  |4 0  |6 302_222300000000000_FOL_2000  |7 0  |8 A  |9 362912  |a FDOPOS  |b FDOPOS  |d 2019-11-21  |i 3873897  |o 302.2223 FOL 2000  |p 3873897  |r 2025-01-22  |w 2019-11-21  |y BK  |k MLH